|
|
|
|
| LEADER |
00000cam a2200000 7i4500 |
| 001 |
0000000469 |
| 005 |
20010619.0 |
| 020 |
0 |
0 |
|a 9679933415
|
| 090 |
0 |
0 |
|a 354.59507 AHM 1994
|
| 100 |
0 |
0 |
|a AHMAD Sarji bin Abdul Hamid
|f Tan Sri Dato' Seri
|c 1938-
|
| 245 |
1 |
0 |
|a Wawasan pentadbiran awam Malaysia :
|b Selected speeches of Tan Sri Dato' Seri Ahmad Sarji bin Abdul Hamid, Chief Secretary of the Government, Malaysia .
|l Vision of Malaysia's public administration
|
| 260 |
0 |
0 |
|a Kuala Lumpur :
|b Institut Tadbiran Awam Negara ,
|c 1994
|
| 300 |
|
|
|a xxxv, 635 p. ;
|c 22 cm.
|
| 500 |
0 |
0 |
|a Bahasa Malaysia dan English texts
|a Includes index
|
| 650 |
0 |
0 |
|a Administrative agencies
|z Malaysia
|
| 650 |
0 |
0 |
|a Civil service
|z Malaysia
|
| 650 |
0 |
0 |
|a Executive departments
|z Malaysia
|
| 650 |
0 |
0 |
|a Government executives
|z Malaysia
|
| 650 |
0 |
0 |
|a Public administration
|z Malaysia
|
| 710 |
1 |
1 |
|a Institut Tadbiran Awam Negara (INTAN)
|
| 745 |
0 |
0 |
|a Vision of Malaysia's public administration
|
| 998 |
|
|
|a JPSM
|
| 999 |
|
|
|a 0000001637
|b Monograph
|c Open Shelf
|e Default branch
|